[Event "Florianopolis op 10th"]
[Site "Florianopolis"]
[Date "2024.01.26"]
[Round "8"]
[White "Santos, Marcos Correia"]
[Black "Carneiro, Cristiana Fiusa"]
[Result "1-0"]
[WhiteElo "1564"]
[BlackElo "1211"]
[PlyCount "111"]
[EventDate "2024.01.20"]
[EventType "swiss"]
[EventRounds "10"]
[EventCountry "BRA"]
[SourceTitle "CB05_2024"]
[SourceDate "2024.01.31"]
[SourceVersion "1"]
[SourceVersionDate "2024.01.31"]
[SourceQuality "1"]

1. e4 c5 2. c3 Nf6 3. e5 Nd5 4. Nf3 Nc6 5. Bc4 Nc7 6. 0-0 d5 7. exd6 Qxd6 8. d4 b5 9. Be2 c4 10. a4 a6 11. b3 cxb3 12. axb5 axb5 13. Rxa8 Nxa8 14. Bxb5 Nc7 15. Qxb3 Nxb5 16. Qxb5 Bd7 17. Qb7 Qb8 18. Qxb8+ Nxb8 19. Ne5 Bf5 20. Bf4 Nd7 21. Nd2 Nxe5 22. Bxe5 f6 23. Bf4 g5 24. Be3 Kd7 25. c4 e6 26. c5 Kc6 27. Ra1 Kb7 28. Nc4 Bd3 29. Nb6 Be7 30. Ra3 Be4 31. Rb3 Kc7 32. Ra3 Kb7 33. f3 Bc6 34. Bf2 h5 35. Rb3 Ka6 36. Rd3 e5 37. Ra3+ Kb7 38. d5 Bb5 39. Rb3 Ka6 40. d6 Bd8 41. Ra3+ Kb7 42. Nd5 Rh7 43. Rb3 Kc6 44. Nb4+ Kb7 45. Rb2 Rg7 46. Rc2 Bc6 47. Rc1 Ba5 48. Nc2 g4 49. Rb1+ Kc8 50. f4 exf4 51. Nd4 Be4 52. Rb5 Rb7 53. Rxb7 Kxb7 54. Ne6 f3 55. gxf3 Bxf3 56. d7 1-0

[Event "Florianopolis op 10th"]
[Site "Florianopolis"]
[Date "2024.01.24"]
[Round "6"]
[White "Martins, Marlos da Rosa"]
[Black "Santos, Marcos Correia"]
[Result "0-1"]
[WhiteElo "1296"]
[BlackElo "1564"]
[PlyCount "46"]
[EventDate "2024.01.20"]
[EventType "swiss"]
[EventRounds "10"]
[EventCountry "BRA"]
[SourceTitle "CB05_2024"]
[SourceDate "2024.01.31"]
[SourceVersion "1"]
[SourceVersionDate "2024.01.31"]
[SourceQuality "1"]

1. Nf3 Nf6 2. g3 g6 3. Bg2 Bg7 4. d4 d6 5. c4 0-0 6. 0-0 Nbd7 7. b3 c5 8. Bb2 Rb8 9. Nbd2 b5 10. dxc5 Nxc5 11. Nd4 Bd7 12. Nxb5 Bxb5 13. cxb5 Rxb5 14. Rc1 a5 15. Nc4 a4 16. Bxf6 Bxf6 17. Bc6 Rb4 18. bxa4 Qc7 19. Qd2 Rxc4 20. Rxc4 Qxc6 21. Rb1 Qa6 22. Qb4 Rc8 23. Qa3 Qxc4 0-1

[Event "Hebraica op 30th"]
[Site "Hebraica"]
[Date "2023.02.12"]
[Round "7"]
[White "Kuribara, Victor Kenzo"]
[Black "Santos, Marcos Correia"]
[Result "1-0"]
[WhiteElo "1748"]
[BlackElo "1606"]
[PlyCount "69"]
[EventDate "2023.02.10"]
[EventType "swiss"]
[EventRounds "7"]
[EventCountry "BRA"]
[SourceTitle "CBM 212 Extra"]
[Source "ChessBase"]
[SourceDate "2023.03.31"]
[SourceVersion "1"]
[SourceVersionDate "2023.03.31"]
[SourceQuality "1"]

1. d4 Nf6 2. Nf3 d5 3. Bf4 c5 4. c3 Nc6 5. e3 Qb6 6. Qb3 c4 7. Qxb6 axb6 8. Nbd2 Bf5 9. Be2 e6 10. h3 Be7 11. 0-0 0-0 12. b3 b5 13. a4 bxa4 14. bxc4 Be4 15. cxd5 Bxd5 16. c4 Be4 17. Nxe4 Nxe4 18. d5 exd5 19. cxd5 Nc3 20. Bc4 Na5 21. d6 Bf6 22. Bd3 b5 23. Be5 Nb3 24. Rae1 Bxe5 25. Nxe5 Nd2 26. Rc1 Nxf1 27. Rxc3 Nd2 28. Bxb5 Ne4 29. Rd3 Nxd6 30. Rxd6 a3 31. Rd1 a2 32. Ra1 Rfb8 33. Bd3 Rb1+ 34. Bxb1 axb1Q+ 35. Rxb1 1-0

[Event "BRA Amateur-ch U1800"]
[Site "Sao Paulo"]
[Date "2022.11.06"]
[Round "7"]
[White "Sakai, Erik Oneda"]
[Black "Santos, Marcos Correia"]
[Result "1-0"]
[WhiteElo "1712"]
[BlackElo "1632"]
[PlyCount "83"]
[EventDate "2022.11.03"]
[EventType "swiss"]
[EventRounds "7"]
[EventCountry "BRA"]
[SourceTitle "CBM 211 Extra"]
[Source "ChessBase"]
[SourceDate "2023.01.31"]
[SourceVersion "1"]
[SourceVersionDate "2023.01.31"]
[SourceQuality "1"]

1. Nf3 c5 2. c4 Nf6 3. Nc3 g6 4. g3 Bg7 5. Bg2 0-0 6. 0-0 Nc6 7. e3 d6 8. d4 cxd4 9. exd4 Bg4 10. h3 Bf5 11. a3 Rc8 12. Nh4 Bd7 13. b4 Nh5 14. Be3 e5 15. d5 Ne7 16. Qb3 f5 17. Bg5 f4 18. g4 Nf6 19. Ne4 Nxe4 20. Bxe4 Qe8 21. c5 Kh8 22. cxd6 Ng8 23. Qd3 Nf6 24. Bxg6 hxg6 25. Nxg6+ Kg8 26. Ne7+ Kh8 27. Ng6+ Kg8 28. Nxf8 Qxf8 29. Bxf6 Qxf6 30. Rac1 Qxd6 31. Rxc8+ Bxc8 32. Qc4 Bd7 33. Rc1 Qg6 34. f3 Qb6+ 35. Qc5 Qa6 36. b5 Qxb5 37. Qxb5 Bxb5 38. Rc8+ Kh7 39. Rc7 Ba6 40. d6 Kg6 41. Rxg7+ Kxg7 42. d7 1-0

[Event "BRA Amateur-ch U1800"]
[Site "Sao Paulo"]
[Date "2022.11.05"]
[Round "6"]
[White "Santos, Marcos Correia"]
[Black "Oliveira, Olavo Tadeu Carvalh"]
[Result "1-0"]
[WhiteElo "1632"]
[BlackElo "1440"]
[PlyCount "53"]
[EventDate "2022.11.03"]
[EventType "swiss"]
[EventRounds "7"]
[EventCountry "BRA"]
[SourceTitle "CBM 211 Extra"]
[Source "ChessBase"]
[SourceDate "2023.01.31"]
[SourceVersion "1"]
[SourceVersionDate "2023.01.31"]
[SourceQuality "1"]

1. e4 c5 2. Nf3 e6 3. d3 d5 4. Qe2 Nf6 5. g3 Nc6 6. Bg2 Be7 7. 0-0 0-0 8. e5 Nd7 9. Re1 b5 10. a3 b4 11. c3 bxc3 12. bxc3 Qc7 13. Bf4 Rb8 14. h3 Na5 15. c4 dxc4 16. dxc4 Nb6 17. Nc3 a6 18. Ne4 Nbxc4 19. Nfg5 Bb7 20. Nxh7 Rfc8 21. Qh5 Qd8 22. Nhg5 Bxg5 23. Nxg5 Qc7 24. Qh7+ Kf8 25. Qh8+ Ke7 26. Qxg7 Rf8 27. Rad1 1-0

[Event "BRA-ch U2000 Amateurs"]
[Site "Sao Paulo"]
[Date "2022.06.18"]
[Round "5"]
[White "Santos, Marcos Correia"]
[Black "Araujo, Jacques"]
[Result "1-0"]
[WhiteElo "1595"]
[BlackElo "1775"]
[PlyCount "59"]
[EventDate "2022.06.16"]
[EventType "swiss"]
[EventRounds "7"]
[EventCountry "BRA"]
[SourceTitle "CBM 208 Extra"]
[Source "ChessBase"]
[SourceDate "2022.07.31"]
[SourceVersion "1"]
[SourceVersionDate "2022.07.31"]
[SourceQuality "1"]

1. e4 c5 2. Nf3 e6 3. d3 d6 4. g3 Qc7 5. Bg2 Nf6 6. 0-0 Be7 7. Nc3 a6 8. Re1 Nbd7 9. a4 0-0 10. a5 Rb8 11. Bf4 e5 12. Bd2 b5 13. axb6 Qxb6 14. b3 Bb7 15. Nh4 g6 16. Nf3 Rfe8 17. Ng5 Bf8 18. Qf3 Bg7 19. Nd5 Bxd5 20. exd5 Qb7 21. Ne4 Nxe4 22. dxe4 Rf8 23. Qe2 Ra8 24. Ra5 f5 25. Rea1 Nb8 26. h4 f4 27. Bh3 f3 28. Qd3 h5 29. Bg5 Kh7 30. Bd2 1-0

[Event "BRA-ch U2000 Amateurs"]
[Site "Sao Paulo"]
[Date "2022.06.16"]
[Round "1"]
[White "Da Silva, Fabio Lima"]
[Black "Santos, Marcos Correia"]
[Result "0-1"]
[WhiteElo "1832"]
[BlackElo "1595"]
[PlyCount "104"]
[EventDate "2022.06.16"]
[EventType "swiss"]
[EventRounds "7"]
[EventCountry "BRA"]
[SourceTitle "CBM 208 Extra"]
[Source "ChessBase"]
[SourceDate "2022.07.31"]
[SourceVersion "1"]
[SourceVersionDate "2022.07.31"]
[SourceQuality "1"]

1. d4 Nf6 2. c4 g6 3. Nf3 Bg7 4. g3 0-0 5. Bg2 d6 6. 0-0 Nbd7 7. Nc3 c5 8. d5 a6 9. a4 Rb8 10. Qd3 Ng4 11. Bf4 Nge5 12. Nxe5 Nxe5 13. Bxe5 Bxe5 14. f4 Bg7 15. e4 Bd7 16. Rae1 b5 17. cxb5 axb5 18. Nxb5 Bxb2 19. Rb1 Bg7 20. Rfe1 Qa5 21. Bf1 Qxa4 22. Nc3 Qd4+ 23. Re3 Rxb1 24. Nxb1 Qxe3+ 25. Qxe3 Bd4 26. Qxd4 cxd4 27. Na3 Rc8 28. Bc4 d3 29. Kf2 Ba4 30. Ke3 Bc2 31. Bxd3 Bxd3 32. Kxd3 Rc1 33. Ke2 Ra1 34. Nc4 h5 35. Ke3 Rh1 36. h4 Rb1 37. Nd2 Rc1 38. Ke2 Rc3 39. Nf1 e6 40. dxe6 fxe6 41. Ne3 Kf7 42. Kf2 Ke7 43. f5 Rxe3 44. Kxe3 exf5 45. exf5 gxf5 46. Kf3 Kf6 47. Ke2 Ke5 48. Ke3 d5 49. Kd3 d4 50. Kd2 Ke4 51. Ke2 d3+ 52. Kf2 d2 0-1

[Event "Florianopolis op 6th"]
[Site "Florianopolis"]
[Date "2020.01.22"]
[Round "4"]
[White "Cerrato, Alex"]
[Black "Santos, Marcos Correia"]
[Result "0-1"]
[WhiteElo "1911"]
[BlackElo "1582"]
[PlyCount "60"]
[EventDate "2020.01.20"]
[EventType "swiss"]
[EventRounds "10"]
[EventCountry "BRA"]
[SourceTitle "CBM 194 Extra"]
[Source "ChessBase"]
[SourceDate "2020.03.31"]
[SourceVersion "1"]
[SourceVersionDate "2020.03.31"]
[SourceQuality "1"]

1. d4 Nf6 2. e3 g6 3. c4 d5 4. Nc3 Bg7 5. Nf3 0-0 6. Be2 c5 7. h4 Bg4 8. Qb3 cxd4 9. Nxd5 Nxd5 10. cxd5 dxe3 11. Bxe3 Qa5+ 12. Bd2 Qb6 13. Qxb6 axb6 14. Bc3 Nd7 15. Bc4 Bxf3 16. gxf3 Bxc3+ 17. bxc3 Ne5 18. Be2 Rfc8 19. f4 Nc4 20. h5 Ra3 21. hxg6 hxg6 22. f5 Rxc3 23. fxg6 fxg6 24. Rg1 Kg7 25. Rb1 Rc5 26. Rg4 Kf6 27. f4 b5 28. a4 Na3 29. Rb2 Nc2+ 30. Kf2 b4 0-1

[Event "Sao Paulo Schutt Cup"]
[Site "Sao Paulo"]
[Date "2019.09.15"]
[Round "6"]
[White "Costa, Lucas Paiva Da"]
[Black "Santos, Marcos Correia"]
[Result "1/2-1/2"]
[WhiteElo "1281"]
[BlackElo "1608"]
[PlyCount "89"]
[EventDate "2019.09.13"]
[EventType "swiss"]
[EventRounds "6"]
[EventCountry "BRA"]
[SourceTitle "EXT 2020"]
[Source "ChessBase"]
[SourceDate "2019.10.17"]
[SourceVersion "1"]
[SourceVersionDate "2019.10.17"]
[SourceQuality "1"]

1. d4 d5 2. c4 e6 3. Nc3 Nf6 4. Bg5 Be7 5. e3 0-0 6. Nf3 b6 7. Rc1 Bb7 8. Bd3 Nbd7 9. 0-0 dxc4 10. Bxc4 c5 11. Qe2 Re8 12. Rfd1 Ne4 13. Nxe4 Bxe4 14. Bxe7 Qxe7 15. Bb5 Red8 16. a3 cxd4 17. Nxd4 Nf6 18. Nc6 Rxd1+ 19. Rxd1 Qc5 20. Nd4 Rd8 21. Bd3 Bxd3 22. Rxd3 Qc4 23. b3 Qc1+ 24. Rd1 Qxa3 25. Nb5 Rxd1+ 26. Qxd1 Qe7 27. Nxa7 h6 28. Nc6 Qc5 29. Nd4 Qd5 30. Qc2 Qa5 31. Qc8+ Kh7 32. Qc2+ g6 33. Kf1 Qa1+ 34. Ke2 Qa6+ 35. Kf3 Qb7+ 36. Qc6 Qxc6+ 37. Nxc6 Nd5 38. e4 Nc7 39. Ke3 Kg7 40. f4 f6 41. Kd4 Kf7 42. Nb4 Nb5+ 43. Kc4 Nd6+ 44. Kd4 Nb5+ 45. Kc4 1/2-1/2

[Event "Sao Paulo Schutt Cup"]
[Site "Sao Paulo"]
[Date "2019.09.15"]
[Round "5"]
[White "Santos, Marcos Correia"]
[Black "Scolastici, Marcus Vinicius"]
[Result "0-1"]
[WhiteElo "1608"]
[BlackElo "1077"]
[PlyCount "46"]
[EventDate "2019.09.13"]
[EventType "swiss"]
[EventRounds "6"]
[EventCountry "BRA"]
[SourceTitle "EXT 2020"]
[Source "ChessBase"]
[SourceDate "2019.10.17"]
[SourceVersion "1"]
[SourceVersionDate "2019.10.17"]
[SourceQuality "1"]

1. e4 e5 2. Nf3 Nc6 3. Bc4 Bc5 4. c3 Nf6 5. d3 d6 6. h3 h6 7. 0-0 0-0 8. Nbd2 Na5 9. Bb5 c6 10. Ba4 b5 11. Bc2 Nb7 12. Re1 Re8 13. Nf1 Qc7 14. N3h2 Nd8 15. Qf3 Ne6 16. Bxh6 gxh6 17. Qxf6 Nf4 18. Qxh6 Re6 19. Qg5+ Rg6 20. Qh4 Nxg2 21. Qh5 Nf4+ 22. Qxg6+ fxg6 23. Ng4 Nxh3+ 0-1

[Event "BRA-ch Amateur U1800"]
[Site "Sao Paulo"]
[Date "2019.06.23"]
[Round "7"]
[White "Santos, Marcos Correia"]
[Black "Jenidarchiche, Douglas Rodrigo"]
[Result "0-1"]
[WhiteElo "1567"]
[BlackElo "1737"]
[PlyCount "68"]
[EventDate "2019.06.20"]
[EventType "swiss"]
[EventRounds "7"]
[EventCountry "BRA"]
[SourceTitle "CBM 195 Extra"]
[Source "ChessBase"]
[SourceDate "2020.05.31"]
[SourceVersion "1"]
[SourceVersionDate "2020.05.31"]
[SourceQuality "1"]

1. e4 c5 2. Nc3 g6 3. g3 Bg7 4. Bg2 Nc6 5. f4 d6 6. Nf3 Nf6 7. 0-0 0-0 8. d3 Rb8 9. h3 b5 10. a3 a5 11. Be3 Ba6 12. g4 Nd7 13. Qe1 b4 14. axb4 Nxb4 15. Rc1 Qb6 16. f5 Bxd3 17. cxd3 Nxd3 18. Qh4 Nxc1 19. Bxc1 e6 20. Bh6 Qd8 21. Ng5 Bf6 22. fxe6 fxe6 23. Rxf6 Qxf6 24. e5 Qxe5 25. Nxh7 Rf7 26. Ng5 Qe3+ 27. Kh2 Rf2 28. Nge4 Rxg2+ 29. Kxg2 Rxb2+ 30. Kf1 Qf3+ 31. Nf2 Rxf2+ 32. Qxf2 Qxh3+ 33. Qg2 Qxh6 34. Qa8+ Qf8+ 0-1

[Event "BRA-ch Amateur U1800"]
[Site "Sao Paulo"]
[Date "2019.06.21"]
[Round "3"]
[White "Rezende, Uelton Fabricius Al"]
[Black "Santos, Marcos Correia"]
[Result "1/2-1/2"]
[WhiteElo "1778"]
[BlackElo "1567"]
[PlyCount "110"]
[EventDate "2019.06.20"]
[EventType "swiss"]
[EventRounds "7"]
[EventCountry "BRA"]
[SourceTitle "CBM 195 Extra"]
[Source "ChessBase"]
[SourceDate "2020.05.31"]
[SourceVersion "1"]
[SourceVersionDate "2020.05.31"]
[SourceQuality "1"]

1. Nf3 d5 2. c4 e6 3. d4 Nf6 4. Nc3 Be7 5. cxd5 exd5 6. g3 0-0 7. Bg2 c6 8. 0-0 Bg4 9. Ne5 Bf5 10. Re1 Nbd7 11. f4 h6 12. e4 dxe4 13. Nxe4 Nxe4 14. Bxe4 Bxe4 15. Rxe4 Nf6 16. Re1 Re8 17. Be3 Nd5 18. Bf2 Qc7 19. Rc1 Rad8 20. a3 a5 21. Qb3 Qb6 22. Qc2 Qa7 23. Re2 Bd6 24. Rce1 Bc7 25. Qb3 Qb6 26. Qf3 Rf8 27. Qg4 Nf6 28. Qf3 Nd5 29. Qg4 Nf6 30. Qf5 Qb5 31. Qc2 Bb6 32. Rd1 Rd5 33. Nc4 Rfd8 34. Nxb6 Qxb6 35. Re5 Ng4 36. Rxd5 Rxd5 37. Qc3 Nxf2 38. Kxf2 Qd8 39. Ke3 c5 40. Qc4 Qd7 41. Rd3 b5 42. Qc3 b4 43. axb4 axb4 44. Qc4 Qe6+ 45. Kd2 Qe4 46. b3 Qg2+ 47. Kc1 Qf1+ 48. Kc2 Qe2+ 49. Kc1 Qe1+ 50. Rd1 Qe3+ 51. Kc2 Qe4+ 52. Kc1 Rxd4 53. Rxd4 cxd4 54. Qxb4 Qe3+ 55. Qd2 Qxb3 1/2-1/2

[Event "Sao Paulo Carnaval op"]
[Site "Sao Paulo"]
[Date "2019.03.02"]
[Round "1"]
[White "Santos, Marcos Correia"]
[Black "Dos Santos, Lucas Aparecido"]
[Result "0-1"]
[WhiteElo "1592"]
[BlackElo "1999"]
[PlyCount "88"]
[EventDate "2019.03.02"]
[EventType "swiss"]
[EventRounds "7"]
[EventCountry "BRA"]
[SourceTitle "EXT 2020"]
[Source "ChessBase"]
[SourceDate "2019.10.17"]
[SourceVersion "1"]
[SourceVersionDate "2019.10.17"]
[SourceQuality "1"]

1. e4 c5 2. Nc3 a6 3. g3 b5 4. Bg2 Bb7 5. d3 g6 6. f4 Bg7 7. Nf3 e6 8. 0-0 b4 9. Ne2 d5 10. e5 d4 11. Kh1 Ne7 12. Neg1 Nd7 13. Nh3 Nb6 14. Nhg5 Nbd5 15. Nxf7 Kxf7 16. Ng5+ Kg8 17. Nxe6 Qc8 18. Ng5 Nf5 19. Qf3 Rb8 20. Ne4 h6 21. Re1 Kh7 22. Qf2 Rf8 23. g4 Nfe3 24. Nd6 Qxg4 25. Bxe3 dxe3 26. Qg3 Qxg3 27. hxg3 Ba8 28. Kg1 Rfd8 29. Bxd5 Bxd5 30. Rxe3 Rxd6 31. exd6 Bd4 32. Rae1 Rd8 33. Kh2 Bxe3 34. Rxe3 Rxd6 35. a3 bxa3 36. bxa3 Re6 37. Rxe6 Bxe6 38. c3 Kg7 39. Kg2 Kf6 40. Kf3 Bd5+ 41. Ke3 Kf5 42. d4 c4 43. a4 a5 44. Kf2 Ke4 0-1

[Event "Sao Paulo SP ECP op 3rd"]
[Site "Sao Paulo"]
[Date "2017.11.19"]
[Round "5.14"]
[White "Rocha, Anderson Rosendo"]
[Black "Santos, Marcos Correia"]
[Result "1/2-1/2"]
[WhiteElo "1489"]
[BlackElo "1636"]
[PlyCount "75"]
[EventDate "2017.11.17"]
[EventType "swiss"]
[EventRounds "6"]
[EventCountry "BRA"]
[SourceTitle "EXT 2022"]
[Source "ChessBase"]
[SourceDate "2021.10.06"]
[SourceVersion "1"]
[SourceVersionDate "2021.10.06"]
[SourceQuality "1"]

1. Nf3 Nf6 2. b3 d5 3. Bb2 Bf5 4. d4 e6 5. e3 Bb4+ 6. c3 Bd6 7. Bd3 Bg4 8. Nbd2 0-0 9. 0-0 c6 10. Qc2 Nbd7 11. c4 Rc8 12. Ne5 Bh5 13. h3 Bb8 14. f4 Bg6 15. Rac1 Bxd3 16. Qxd3 Qb6 17. Rc2 c5 18. Qc3 cxd4 19. Qxd4 Qxd4 20. exd4 b5 21. Rfc1 bxc4 22. bxc4 dxc4 23. Rxc4 Rxc4 24. Ndxc4 Rc8 25. Nxd7 Nxd7 26. Ne5 Rxc1+ 27. Bxc1 Bxe5 28. fxe5 Nb6 29. Kf2 Nd5 30. Bd2 Kf8 31. Ke2 Ke8 32. Kd3 Kd7 33. Kc4 Kc6 34. g4 Nb6+ 35. Kb4 a6 36. h4 Kd5 37. Be1 Nc4 38. Bf2 1/2-1/2

[Event "Sao Paulo SP ECP op 3rd"]
[Site "Sao Paulo"]
[Date "2017.11.18"]
[Round "3.15"]
[White "Da Rocha, Luiz C Cosenza Vie"]
[Black "Santos, Marcos Correia"]
[Result "0-1"]
[WhiteElo "1434"]
[BlackElo "1636"]
[PlyCount "48"]
[EventDate "2017.11.17"]
[EventType "swiss"]
[EventRounds "6"]
[EventCountry "BRA"]
[SourceTitle "EXT 2022"]
[Source "ChessBase"]
[SourceDate "2021.10.06"]
[SourceVersion "1"]
[SourceVersionDate "2021.10.06"]
[SourceQuality "1"]

1. d4 d5 2. c4 c6 3. Nf3 Nf6 4. Nc3 Bf5 5. Qb3 Qb6 6. Qxb6 axb6 7. cxd5 Nxd5 8. Nxd5 cxd5 9. Bf4 e6 10. e3 Bb4+ 11. Nd2 0-0 12. a3 Rc8 13. Rd1 Be7 14. Nf3 Rc2 15. Rd2 Rc1+ 16. Rd1 Rxd1+ 17. Kxd1 Nd7 18. Bb5 Nf6 19. Bc7 Ne4 20. Ke2 Rc8 21. Bxb6 Rc2+ 22. Kf1 Rxf2+ 23. Kg1 Rxb2 24. h4 Rxb5 0-1

[Event "BRA-ch Amateur U1800"]
[Site "Sao Paulo"]
[Date "2017.10.13"]
[Round "4"]
[White "Ritzel, Ricardo Agne"]
[Black "Santos, Marcos Correia"]
[Result "1-0"]
[WhiteElo "1737"]
[BlackElo "1587"]
[PlyCount "48"]
[EventDate "2017.10.12"]
[EventType "swiss"]
[EventRounds "7"]
[EventCountry "BRA"]
[SourceTitle "EXT 2019"]
[Source "ChessBase"]
[SourceDate "2018.10.10"]
[SourceVersion "1"]
[SourceVersionDate "2018.10.10"]
[SourceQuality "1"]

1. e4 c5 2. Nf3 e6 3. d4 cxd4 4. Nxd4 Nc6 5. a3 Nf6 6. Nc3 Qc7 7. Be3 a6 8. Be2 Be7 9. f4 d6 10. Bf3 0-0 11. Nb3 Nb8 12. g4 Nbd7 13. g5 Ne8 14. h4 b6 15. h5 Bb7 16. Rg1 g6 17. Qd2 Nc5 18. Nxc5 bxc5 19. Qh2 Bd8 20. Rh1 Qd7 21. Bg4 Ba5 22. hxg6 Bxc3+ 23. bxc3 fxg6 24. Bxe6+ Rf7 1-0

[Event "BRA-ch Amateur U1800"]
[Site "Sao Paulo"]
[Date "2017.10.12"]
[Round "1"]
[White "Campos, Otavio Moraes"]
[Black "Santos, Marcos Correia"]
[Result "0-1"]
[WhiteElo "1723"]
[BlackElo "1587"]
[PlyCount "115"]
[EventDate "2017.10.12"]
[EventType "swiss"]
[EventRounds "7"]
[EventCountry "BRA"]
[SourceTitle "EXT 2019"]
[Source "ChessBase"]
[SourceDate "2018.10.10"]
[SourceVersion "1"]
[SourceVersionDate "2018.10.10"]
[SourceQuality "1"]

1. d4 d5 2. Nf3 Nf6 3. e3 Bf5 4. c4 c6 5. Nc3 e6 6. h3 Bb4 7. Bd2 Nbd7 8. Nh4 Bg6 9. Nxg6 hxg6 10. a3 Be7 11. cxd5 exd5 12. Bd3 0-0 13. 0-0 Rc8 14. b4 Bd6 15. Re1 Bb8 16. e4 dxe4 17. Nxe4 Qc7 18. g3 Nxe4 19. Bxe4 Nf6 20. Bg2 Qd7 21. Bg5 Nd5 22. h4 f6 23. Bc1 Rfe8 24. Rxe8+ Rxe8 25. h5 Qf7 26. h6 gxh6 27. Bxh6 g5 28. Qg4 Qg6 29. Qd7 Nc7 30. Bxg5 fxg5 31. d5 Qg7 32. Qxg7+ Kxg7 33. dxc6 bxc6 34. Bxc6 Re6 35. b5 Ne8 36. Rd1 Nd6 37. Kg2 Bc7 38. Kf3 Bb6 39. Rd2 Rf6+ 40. Kg2 Nc4 41. Ra2 Rd6 42. Kf3 Rd2 43. Ra1 Rxf2+ 44. Ke4 Rd2 45. g4 Nd6+ 46. Kf3 Rd4 47. a4 Nc4 48. Re1 Kf6 49. Kg3 Bc7+ 50. Kh3 Rd3+ 51. Kg2 Rg3+ 52. Kf2 Rxg4 53. Bf3 Rf4 54. Kg2 Ne5 55. Bh5 Rxa4 56. Rc1 Bb6 57. Be8 Rc4 58. Rd1 0-1